• 首页
  • 本馆介绍
  • 公告通知
  • 最新文献
  • 馆藏检索
  • 电子资源
  • 读者导购
  • 参考咨询
  • 我的图书馆
  • 登录
  • 详细信息显示
  • 放入我的书架
  • 预约/预借图书
  • 作者相关作品
  • 分类相关作品
  • 丛书相关作品
  • 出版社相关作品

书目信息

  • 表格格式
  • 工作单格式
  • 卡片格式
题名:
不败而败
    
 
作者: 周志初 著
分册:  
出版信息: 南京   江苏人民出版社  1998
页数: 171页
开本: 19cm
丛书名: 新编中国近代史
单 册:
中图分类: K256.2
科图分类:
主题词: 中法战争(1883~1885)--史料
电子资源:
ISBN: 7-214-02099-8
000 00688nam2 2200241 45
001 0198034141
005 20050315143424.7
010    @a7-214-02099-8@dCNY10.00
100    @a19980620d1998 em y0chiy0121 ea
101 0  @achi
102    @aCN@b320000
105    @af z 000yy
200 10 @a不败而败@Abu bai er bai@e中法战争@f周志初著@FZhou Zhi Chu Zhu
210    @a南京@c江苏人民出版社@d1998
215    @a171页@c图@d19cm
225 2  @a新编中国近代史
410  0 @120010@a新编中国近代史
517 1  @a中法战争@Azhong fa zhan zheng
606    @a中法战争(1883~1885)@x史料
690    @aK256.2@v4
701  0 @a周志初@4著
801  0 @aCN@bNLC@c19980706
905    @f6@b344364-369@dK256.2@e29
    
    不败而败:中法战争/周志初著.-南京:江苏人民出版社,1998
    171页:图;19cm.-(新编中国近代史)
    
    
    ISBN 7-214-02099-8:CNY10.00
    
●
相关链接 在E读中查询图书 在五车中查询图书 在当当中查询图书 在豆瓣中查询图书


正题名:不败而败     索取号:K256.2/29         预约/预借

序号 登录号 条形码 馆藏地/架位号 状态 备注
1 0344364   203443648   第二样本阅览室/ [索取号:K256.2/29] 在馆    
2 0344365   203443657   第二借阅区/ [索取号:K256.2/29] 在馆    
3 0344366   203443666   第二借阅区/ [索取号:K256.2/29] 在馆    
4 0344367   203443675   第二借阅区/ [索取号:K256.2/29] 在馆    
5 0344368   203443684   第二借阅区/ [索取号:K256.2/29] 在馆    
6 0344369   203443693   第二借阅区/ [索取号:K256.2/29] 在馆    
唐山师范学院图书馆 欢迎您!
大连网信软件有限公司© 版权所有